000 00662nam a2200205Ia 4500
005 20250508165931.0
008 008 250505s9999 xx 000 0 eng d
037 _aTextual
040 _aFEDL
_beng
_cFEDL
041 _aeng
_2eng
084 _a305.560 954, SHO
_qFEDL
100 _aShourie Arun
245 0 _aFalling over backwards: An essay on reservations and on judictal populism
260 _aNew Delhi, India
_bASA Publications
_c2006
300 _axiv, 378p.
365 _aINR
_b495
546 _aGifted by HOD Namita Ranganathan in memory of Prof. Arvind Gaysu
942 _cTEXL
_h305.560 954, SHO
999 _c1398271
_d1398271